| 000 | 00510nam a22001697a 4500 | ||
|---|---|---|---|
| 003 | BD-DhUL | ||
| 005 | 20180402144318.0 | ||
| 008 | 180402s1935 pk ||||| |||| 00| 0 urd d | ||
| 040 |
_aBD-DhUL _cBD-DhUL |
||
| 082 |
_a395 _bMUA |
||
| 100 | 0 | _aمحمدی بیگیم صاحبہ | |
| 245 | 1 |
_aآداب ملاقات / _cمحمدی بیگیم صاحبہ |
|
| 260 |
_aلاهور : _bدارالاشاعت پنجاب، _c۱۹۳۵۔ |
||
| 300 |
_aص۔ ۸۸ ؛ _c۲۴ سم۔ |
||
| 650 | 0 | _aEtiquette | |
| 942 |
_2ddc _cBK |
||
| 999 |
_c239949 _d239949 |
||